Представление документа в формате MARC21

Поле Инд. ПП Название Значение
Тип записи a
Библиографический уровень m
001 Контрольный номер RU/IS/BASE/182511154
005 Дата корректировки 20230217121129.2
020 a ISBN 0-7897-0626-1
a ISBN 5-89350-016-4
040 b Код языка каталог. rus
041 0_ a Код языка текста rus
080 a Индекс УДК 004.42
084 a Индекс другой классификации/Индекс ББК 32.973
090 a Полочн. индекс 681.3
x Авторский знак Х77
097 b Оператор 11
100 1_ a Автор Хоникат Д.
245 10 a Заглавие Microsoft Plus! для Windows 95
c Ответственность под ред. И. Лейко
260 a Место издания М.
b Издательство Бином
c Дата издания 1996
300 a Объем 288 с.
b Иллюстрации/ тип воспроизводства ил.
440 _0 a Серия Без проблем
510 0_ a Примечание о ссылках Книги и методические пособия
650 04 a Основная рубрика 50.41 Программное обеспечение вычислительных машин, комплексов и сетей
x Основная подрубрика 50.41.17 Системное программное обеспечение
653 0_ a Ключевые слова операционные системы; Windows; microsoft; вычислительные сети; интернет
901 t Тип документа m